Представление документа в формате MARC21

ПолеНазваниеЗначение
  Тип записи a
  Библиографический уровень m
001 Контрольный номер RU/URAIT/559591
005 Дата корректировки 20260429163613.9
008 Кодируемые данные 260429s2025 RU y f j 000 0 rus u
020 Индекс ISBN __
a ISBN 978-5-534-07024-8
c Цена, тираж 2189.00
040 Источник каталогиз. __
a Служба первич. каталог. ИКО Юрайт
c Служба, преобразующая запись ИКО Юрайт
e Правила каталог. RCR
041 Код языка издания __
a Код языка текста rus
044 Код страны публикации __
a Код страны публикации RU
080 Индекс УДК __
a Индекс УДК 514(075.8)
084 Индекс другой классификации/Индекс ББК __
2 Источник индекса rubbk
a Индекс другой классификации/Индекс ББК 30.11я73
100 Автор __
a Автор Чекмарев А. А.
q Полное имя Чекмарев Альберт Анатольевич
245 Заглавие __
a Заглавие Начертательная геометрия и черчение
b Продолж. заглавия учебник для вузов
c Ответственность А. А. Чекмарев.
250 Сведения об издании __
g испр. и доп
a Основные сведения об издании 7-е изд.
256 Характеристики компьютерного файла __
a Характеристики компьютерного файла Электрон. дан.
260 Выходные данные __
a Место издания Москва
b Издательство Юрайт
c Дата издания 2025
300 Физическое описание __
a Объем 423 с
440 Серия __
a Серия Высшее образование
500 Примечания __
a Примечание URL: https://urait.ru/bcode/559591 (дата обращения: 29.04.2026).
520 Аннотация __
a Аннотация В учебнике изложены основы начертательной геометрии в непосредственной связи с основами технического рисунка и черчения, основы машиностроительного черчения, правила выполнения схем. Рассмотрены элементы строительного и топографического черчения, основы использования персональных электронных вычислительных машин для решения графических задач. В процессе изучения начертательной геометрии и черчения студенты освоят основные положения Единой системы конструкторской документации (ЕСКД) и системы проектной документации для строительства (СПДС), а также современные системы автоматизированного выполнения чертежей.
538 Прим. о системных особенностях __
a Прим. о системных особенностях Режим доступа: Электронно-библиотечная система Юрайт, для авториз. пользователей
653 Ключевые слова __
a Ключевые слова Геометрия, топология
653 Ключевые слова __
a Ключевые слова Математика и статистика
653 Ключевые слова __
a Ключевые слова Начертательная геометрия. Инженерная графика
653 Ключевые слова __
a Ключевые слова Начертательная геометрия
653 Ключевые слова __
a Ключевые слова Начертательная геометрия и компьютерная графика
653 Ключевые слова __
a Ключевые слова Начертательная геометрия и черчение
653 Ключевые слова __
a Ключевые слова Перспектива
653 Ключевые слова __
a Ключевые слова Инженерная графика и начертательная геометрия
653 Ключевые слова __
a Ключевые слова Начертательная геометрия, инженерная и машинная графика
653 Ключевые слова __
a Ключевые слова Основы перспективы
653 Ключевые слова __
a Ключевые слова Начертательная геометрия и перспектива
653 Ключевые слова __
a Ключевые слова Черчение
653 Ключевые слова __
a Ключевые слова Основы черчения
653 Ключевые слова __
a Ключевые слова Начертательная геометрия и инженерная графика
653 Ключевые слова __
a Ключевые слова Начертательная геометрия и технический рисунок
653 Ключевые слова __
a Ключевые слова Основы черчения и начертательной геометрии
653 Ключевые слова __
a Ключевые слова Начертательная геометрия, инженерная и компьютерная графика
653 Ключевые слова __
a Ключевые слова Основы черчения с начертательной геометрией
653 Ключевые слова __
a Ключевые слова Основы черчения и начертательной геометрии в школе
653 Ключевые слова __
a Ключевые слова Начертательная геометрия, теория теней и перспектива
653 Ключевые слова __
a Ключевые слова Основы начертательной геометрии и теория теней
653 Ключевые слова __
a Ключевые слова Черчение и начертательная геометрия
653 Ключевые слова __
a Ключевые слова Инженерная геометрия
653 Ключевые слова __
a Ключевые слова Кинематико-геометрическое моделирование
653 Ключевые слова __
a Ключевые слова Основы черчения и начертательная геометрия
653 Ключевые слова __
a Ключевые слова Начертательная геометрия и компьютерная инженерная графика
653 Ключевые слова __
a Ключевые слова Компьютерное геометрическое моделирование
653 Ключевые слова __
a Ключевые слова Начертательная геометрия в ландшафтной архитектуре
653 Ключевые слова __
a Ключевые слова Геометрическое моделирование и машинная графика
653 Ключевые слова __
a Ключевые слова Инженерная графика (черчение)
653 Ключевые слова __
a Ключевые слова Прикладные задачи начертательной геометрии в архитектуре
653 Ключевые слова __
a Ключевые слова Начертательная геометрия и графика
653 Ключевые слова __
a Ключевые слова Технический рисунок и начертательная геометрия
653 Ключевые слова __
a Ключевые слова Основы начертательной геометрии и технического черчения
653 Ключевые слова __
a Ключевые слова Геометрическое компьютерное моделирование
653 Ключевые слова __
a Ключевые слова Начертательная геометрия и техническая графика
653 Ключевые слова __
a Ключевые слова Начертательная геометрия и строительное черчение
653 Ключевые слова __
a Ключевые слова Основы начертательной геометрии
653 Ключевые слова __
a Ключевые слова Машинная графика и геометрическое моделирование
653 Ключевые слова __
a Ключевые слова Основы теории перспективы
653 Ключевые слова __
a Ключевые слова Специальные разделы начертательной геометрии
653 Ключевые слова __
a Ключевые слова Начертательная геометрия и основы черчения
653 Ключевые слова __
a Ключевые слова Начертательная геометрия, черчение
653 Ключевые слова __
a Ключевые слова Основы начертательной геометрии и рабочего проектирования
856 Электронный адрес документа 40
n Местонахождение сервера Юрайт
g Электронная книга
q Тип электронного формата html
h Имя пользователя ЮРАЙТ
v Часы доступа к ресурсу 20271231
2 Способ доступа Показать документ
x Служебное примечание https://urait.ru/book/cover/390F15E2-90EE-4CDB-8988-4F7620AFFDAF
u URL https://urait.ru/bcode/559591
856 Электронный адрес документа 48
q Тип электронного формата cover
u URL https://urait.ru/book/cover/390F15E2-90EE-4CDB-8988-4F7620AFFDAF
911 __
u 0030=https://urait.ru/bcode/559591
911 __
u 073a=9785534070248
u 073d=2189.00
911 __
u 106a=s
911 __
u 900l=
952 Тип литературы __
i Дисциплина Начертательная геометрия. Инженерная графика
952 Тип литературы __
i Дисциплина Начертательная геометрия
952 Тип литературы __
i Дисциплина Начертательная геометрия и компьютерная графика
952 Тип литературы __
i Дисциплина Начертательная геометрия и черчение
952 Тип литературы __
i Дисциплина Перспектива
952 Тип литературы __
i Дисциплина Инженерная графика и начертательная геометрия
952 Тип литературы __
i Дисциплина Начертательная геометрия, инженерная и машинная графика
952 Тип литературы __
i Дисциплина Основы перспективы
952 Тип литературы __
i Дисциплина Начертательная геометрия и перспектива
952 Тип литературы __
i Дисциплина Черчение
952 Тип литературы __
i Дисциплина Основы черчения
952 Тип литературы __
i Дисциплина Начертательная геометрия и инженерная графика
952 Тип литературы __
i Дисциплина Начертательная геометрия и технический рисунок
952 Тип литературы __
i Дисциплина Основы черчения и начертательной геометрии
952 Тип литературы __
i Дисциплина Начертательная геометрия, инженерная и компьютерная графика
952 Тип литературы __
i Дисциплина Основы черчения с начертательной геометрией
952 Тип литературы __
i Дисциплина Основы черчения и начертательной геометрии в школе
952 Тип литературы __
i Дисциплина Начертательная геометрия, теория теней и перспектива
952 Тип литературы __
i Дисциплина Основы начертательной геометрии и теория теней
952 Тип литературы __
i Дисциплина Черчение и начертательная геометрия
952 Тип литературы __
i Дисциплина Инженерная геометрия
952 Тип литературы __
i Дисциплина Кинематико-геометрическое моделирование
952 Тип литературы __
i Дисциплина Основы черчения и начертательная геометрия
952 Тип литературы __
i Дисциплина Начертательная геометрия и компьютерная инженерная графика
952 Тип литературы __
i Дисциплина Компьютерное геометрическое моделирование
952 Тип литературы __
i Дисциплина Начертательная геометрия в ландшафтной архитектуре
952 Тип литературы __
i Дисциплина Геометрическое моделирование и машинная графика
952 Тип литературы __
i Дисциплина Инженерная графика (черчение)
952 Тип литературы __
i Дисциплина Прикладные задачи начертательной геометрии в архитектуре
952 Тип литературы __
i Дисциплина Начертательная геометрия и графика
952 Тип литературы __
i Дисциплина Технический рисунок и начертательная геометрия
952 Тип литературы __
i Дисциплина Основы начертательной геометрии и технического черчения
952 Тип литературы __
i Дисциплина Геометрическое компьютерное моделирование
952 Тип литературы __
i Дисциплина Начертательная геометрия и техническая графика
952 Тип литературы __
i Дисциплина Начертательная геометрия и строительное черчение
952 Тип литературы __
i Дисциплина Основы начертательной геометрии
952 Тип литературы __
i Дисциплина Машинная графика и геометрическое моделирование
952 Тип литературы __
i Дисциплина Основы теории перспективы
952 Тип литературы __
i Дисциплина Специальные разделы начертательной геометрии
952 Тип литературы __
i Дисциплина Начертательная геометрия и основы черчения
952 Тип литературы __
i Дисциплина Начертательная геометрия, черчение
952 Тип литературы __
i Дисциплина Основы начертательной геометрии и рабочего проектирования